000 00477cam a2200157 4500500
005 20260329004437.0
041 _afre
042 _adc
100 1 0 _aGastineau, Nicolas
_eauthor
245 0 0 _aEntretiens
260 _c2019.
500 _a45
690 _aJean Baudrillard
786 0 _nPhilosophie magazine | 135 | 12 | 2019-12-01 | p. 43-43 | 1951-1787
856 4 1 _uhttps://shs.cairn.info/magazine-philosophie-magazine-2019-12-page-43?lang=fr&redirect-ssocas=7080
999 _c1833882
_d1833882